=LDR 00000nam 2200000 4500 =001 NUTBA000000000001684 =005 20200326110537 =035 ##$$a 0010-051400000000149 =008 200326################g##########0#ind## =082 ##$$a 291 =100 ##$$a Sou'yb, Yusuf =245 1#$$a Perkembangan theologi modern : $b Tentang ketuhanan /$c Joesoef Sou'yb =260 ##$$a Jakarta :$b Ribow,$c S.a =440 ##$$a PERKEMBANGAN THEOLOGI MODERN =084 ##$$a 291 Sou p =300 ##$$a 156 hlm. ; $c 20 x 12 cm. =650 #4$$a Teologi =990 ##$$a 21196497/BPAP-NTB/2014